000 01577nam a2200277 a 4500
001 000042078
005 20250410151140.0
008 131112s2013 dr a 000 0 spa d
020 _a9789945165753
040 _aDO-SdBNP
_bspa
_cBNPHU
082 _a304.87293
_bR621e
100 1 _aRiveros, Natalia
_942979
245 1 0 _aEstado del arte de las migraciones que atañen a la República Dominicana 2012 /
_celaborado por Natalia Riveros para el Observatorio Migrantes del Caribe ; prólogo Wilfredo Lozano.
260 _aSanto Domingo :
_bCentro de Investigaciones y Estudio Sociales,
_c2013.
300 _a141 p. :
_bil., gráfcs. ;
_c28 cm.
500 _aIncluye referencias bibliográficas y notas al pie de las páginas
504 _aBibliografía: p. 117-141.
505 0 _aAbreviaciones
_tPrólogo --
_tIntroducción --
_tPanorama de las migraciones a nivel del caribe insular --
_tLa emigración dominicana: cifras tendencias --
_tFlujo inmigratorio: cifras y tendencias --
_tEvolución de las políticas migratorias durante el 2012 --
_tLa situación de derechos humanos de las personas inmigrantes --
_tConclusión --
590 _aInventariado, 2018/VM
650 0 _aPolítica de migración
_zRepública Dominicana
_955031
651 4 _aRepública Dominicana
_xEmigración E Inmigración
_xAspectos Sociales
_99361
651 4 _aRepública Dominicana
_xEmigración E Inmigración
_xAspectos Económicos
_99359
700 1 _aLozano, Wilfredo
_d1950-
_epról.
_97126
710 2 _aObservatorio Migrantes del Caribe (OBMICA)
_969072
910 _aValidado. Control de calidad EMS
999 _c41567
_d41567